| 000 | 00952nam a2200277 i 4500 | ||
|---|---|---|---|
| 001 | 000046462 | ||
| 003 | DO-SdBNP | ||
| 005 | 20250627111110.0 | ||
| 007 | ta | ||
| 008 | 110413s2015 dr 000 | spa d | ||
| 040 |
_aDO-SdBNP _bspa _cBNPHU _erda |
||
| 041 | _aspa | ||
| 049 | _aBNPD | ||
| 082 | 4 |
_axxx _bP977s _222 |
|
| 245 | 0 | 0 | _aPueblo, sangre y canto. |
| 260 | 4 |
_aSanto Domingo : _bEditora Universitaria-UASD, _c©2015. |
|
| 300 |
_a57 páginas ; _c21 cm. |
||
| 336 |
_atexto _btxt _2rdacontent |
||
| 337 |
_asin mediación _bn _2rdamedia |
||
| 338 |
_avolumen _bnc _2rdacarrier |
||
| 490 | 1 |
_aPublicaciones de la Universidad Autónoma de Santo Domingo _aLiteratura y sociedad _v1134 |
|
| 500 | _aEdición especial 50 aniversario de la gesta patriotica Abril 1965-2015 | ||
| 590 | _aInventariado, 2025/BT | ||
| 830 | 0 |
_aPublicaciones de la Universidad Autónoma de Santo Domingo; _pLiteratura y sociedad _v1134 _n40 _974464 |
|
| 942 |
_2ddc _cLBS1 |
||
| 999 |
_c45951 _d45951 |
||